<?xml version="1.0" encoding="UTF-8"?>
<record
    xmlns:xsi="http://www.w3.org/2001/XMLSchema-instance"
    xsi:schemaLocation="http://www.loc.gov/MARC21/slim http://www.loc.gov/standards/marcxml/schema/MARC21slim.xsd"
    xmlns="http://www.loc.gov/MARC21/slim">

  <leader>00696nam a22001817a 4500</leader>
  <controlfield tag="005">20231130143640.0</controlfield>
  <datafield tag="010" ind1=" " ind2=" ">
    <subfield code="a">HIN- 126355</subfield>
  </datafield>
  <datafield tag="020" ind1=" " ind2=" ">
    <subfield code="a">98-81-88363-93-3</subfield>
    <subfield code="c">395.00</subfield>
  </datafield>
  <datafield tag="035" ind1=" " ind2=" ">
    <subfield code="a">HN-98701</subfield>
  </datafield>
  <datafield tag="037" ind1=" " ind2=" ">
    <subfield code="b">DBAD/PUB</subfield>
  </datafield>
  <datafield tag="082" ind1=" " ind2=" ">
    <subfield code="a">920</subfield>
    <subfield code="b">1</subfield>
  </datafield>
  <datafield tag="100" ind1=" " ind2=" ">
    <subfield code="a"> &#x915;&#x941;&#x92E;&#x93E;&#x930; &#x90F;&#x938;</subfield>
    <subfield code="9">59251</subfield>
  </datafield>
  <datafield tag="245" ind1=" " ind2=" ">
    <subfield code="a">&#x938;&#x940;&#x921;&#x940;&#x90F;&#x938; &#x91C;&#x928;&#x930;&#x932; &#x92C;&#x93F;&#x92A;&#x93F;&#x928; &#x930;&#x93E;&#x935;&#x924;/</subfield>
    <subfield code="c">&#x915;&#x941;&#x92E;&#x93E;&#x930; &#x90F;&#x938;</subfield>
  </datafield>
  <datafield tag="260" ind1=" " ind2=" ">
    <subfield code="a">&#x930;&#x94B;&#x939;&#x924;&#x915;</subfield>
    <subfield code="b">&#x939;&#x93F;&#x92E;&#x93E;&#x928;&#x940; &#x92A;&#x941;&#x938;&#x94D;&#x924;&#x915; &#x92D;&#x923;&#x94D;&#x921;&#x93E;&#x930;</subfield>
    <subfield code="c">2022</subfield>
  </datafield>
  <datafield tag="270" ind1=" " ind2=" ">
    <subfield code="a">950/25, &#x91A;&#x93F;&#x928;&#x94D;&#x92F;&#x94B;&#x91F; &#x915;&#x93E;&#x932;&#x94B;&#x928;&#x940; </subfield>
    <subfield code="b">&#x939;&#x930;&#x93F;&#x92F;&#x93E;&#x923;&#x93E;</subfield>
  </datafield>
  <datafield tag="300" ind1=" " ind2=" ">
    <subfield code="a">136 &#x92A;&#x943;&#x937;&#x94D;&#x920;</subfield>
    <subfield code="c">23cm (&#x938;&#x91C;&#x93F;&#x932;&#x94D;&#x926;) </subfield>
  </datafield>
  <datafield tag="942" ind1=" " ind2=" ">
    <subfield code="c">HN</subfield>
    <subfield code="h">920</subfield>
    <subfield code="2">ddc</subfield>
    <subfield code="m">&#x938;&#x940;&#x921;&#x940;&#x90F;&#x938;</subfield>
  </datafield>
  <datafield tag="999" ind1=" " ind2=" ">
    <subfield code="c">199162</subfield>
    <subfield code="d">199162</subfield>
  </datafield>
  <datafield tag="952" ind1=" " ind2=" ">
    <subfield code="0">0</subfield>
    <subfield code="1">0</subfield>
    <subfield code="4">0</subfield>
    <subfield code="7">0</subfield>
    <subfield code="8">NFIC</subfield>
    <subfield code="a">VP</subfield>
    <subfield code="b">VP</subfield>
    <subfield code="d">2023-11-20</subfield>
    <subfield code="e">DBAD/PUB</subfield>
    <subfield code="g">395.00</subfield>
    <subfield code="l">0</subfield>
    <subfield code="o">920 &#x938;&#x940;&#x921;&#x940;&#x90F;&#x938;</subfield>
    <subfield code="p">HN-98701</subfield>
    <subfield code="r">2023-11-20 00:00:00</subfield>
    <subfield code="t">1</subfield>
    <subfield code="v">395.00</subfield>
    <subfield code="w">2023-11-20</subfield>
    <subfield code="y">HN</subfield>
  </datafield>
</record>
